000 00660cam a22002293a 4500
001 19997
003 PGUSA
005 20140828083425.0
008 061203s2006||||xxu|||||s|||||000 | eng d
040 _aPGUSA
_beng
042 _adc
050 4 _aE011
100 1 _aOber, Frederick A.
_q(Frederick Albion),
_d1849-1913
245 1 0 _aAmerigo Vespucci
_h[electronic resource] /
_cFrederick A. Ober
260 _bProject Gutenberg,
_c2006
506 _aPublic domain in the USA.
516 _aElectronic text
653 _aVespucci, Amerigo, 1451-1512
830 0 _aProject Gutenberg
_v19997
856 4 0 _uhttp://www.gutenberg.org/ebooks/19997
942 _cEB
999 _c249252
_d249252